00477nam a22001457a 4500008004100000040005500041080002200096100001600118245005600134260008200190300001300272650001400285653001800299653001400317230511b |||||||| |||| 00| 0 eng d aNational Science LibrarycNational Science Library a913(540)(235.343) aNandy, S N  aResource infomation database of the Indian Himalaya aAlmora: bG.B Pant Institute of Himalayan Environment and Development, c2006 axi, 95p. aGeography aPhysiography  aDatabase